[Event "Excelsior February Rapid"]
[Site "Toronto CAN"]
[Date "2024.02.17"]
[Round "5"]
[White "Izrailov, David"]
[Black "Preotu, Razvan"]
[Result "0-1"]
[WhiteElo "1160"]
[BlackElo "2541"]
[WhiteFideId "-1"]
[WhiteFideId "-1"]
[PlyCount "90"]
[GameId "2160767740297101"]
[EventDate "2024.02.17"]
[EventType "swiss (rapid)"]
[EventRounds "6"]
[EventCountry "CAN"]
[TimeControl "10+10"]

1. e4 {[%emt 0:00:00]} c5 {[%emt 0:00:00]} 2. Nc3 {[%emt 0:00:00]} d6 {[%emt 0:00:00]} 3. f4 {[%emt 0:00:00]} g6 {[%emt 0:00:00]} 4. Nf3 {[%emt 0:00:00]} Bg7 {[%emt 0:00:00]} 5. Bc4 {[%emt 0:00:00]} Nc6 {[%emt 0:00:00]} 6. d3 {[%emt 0:00:00]} e6 {[%emt 0:00:00]} 7. O-O {[%emt 0:00:00]} Nge7 {[%emt 0:00:00]} 8. Qe1 {[%emt 0:00:00]} O-O {[%emt 0:00:00]} 9. Qh4 {[%emt 0:00:00]} d5 {[%emt 0:00:00]} 10. Bb3 {[%emt 0:00:00]} Na5 {[%emt 0:00:00]} 11. f5 {[%emt 0:00:00]} gxf5 {[%emt 0:00:00]} 12. Ng5 {[%emt 0:00:00]} h6 {[%emt 0:00:00]} 13. Nh3 {[%emt 0:00:00]} Ng6 {[%emt 0:00:00]} 14. Qh5 {[%emt 0:00:00]} fxe4 {[%emt 0:00:00]} 15. Bg5 {[%emt 0:00:00]} Qc7 {[%emt 0:00:00]} 16. Bxh6 {[%emt 0:00:00]} Qe5 {[%emt 0:00:22]} 17. Qxe5 {[%emt 0:00:32]} Nxe5 {[%emt 0:00:06]} 18. Bxg7 {[%emt 0:00:03]} Kxg7 {[%emt 0:00:02]} 19. dxe4 {[%emt 0:00:05]} d4 {[%emt 0:00:12]} 20. Ne2 {[%emt 0:00:22]} Bd7 {[%emt 0:01:36]} 21. a3 {[%emt 0:00:18]} Nxb3 {[%emt 0:00:04]} 22. cxb3 {[%emt 0:00:01]} Bb5 {[%emt 0:00:04]} 23. Nhf4 {[%emt 0:00:29]} Rh8 {[%emt 0:00:12]} 24. Rad1 {[%emt 0:00:09]} Rad8 {[%emt 0:00:08]} 25. a4 {[%emt 0:00:04]} Ba6 {[%emt 0:00:13]} 26. Rd2 {[%emt 0:00:23]} Rd6 {[%emt 0:00:43]} 27. Rc1 {[%emt 0:00:02]} b6 {[%emt 0:00:04]} 28. a5 {[%emt 0:00:15]} Rh4 {[%emt 0:00:13]} 29. axb6 {[%emt 0:01:10]} axb6 {[%emt 0:00:01]} 30. Ra1 {[%emt 0:00:09]} Bxe2 {[%emt 0:00:03]} 31. Nxe2 {[%emt 0:00:01]} Rxe4 {[%emt 0:00:02]} 32. Ng3 {[%emt 0:00:04]} Re3 {[%emt 0:00:05]} 33. Kf2 {[%emt 0:00:15]} Rxb3 {[%emt 0:00:12]} 34. Nh5+ {[%emt 0:00:21]} Kg6 {[%emt 0:00:12]} 35. Nf4+ {[%emt 0:00:03]} Kf5 {[%emt 0:00:02]} 36. g3 {[%emt 0:00:19]} Ng4+ {[%emt 0:00:11]} 37. Kg2 {[%emt 0:00:08]} e5 {[%emt 0:00:03]} 38. Nd3 {[%emt 0:00:20]} Ne3+ {[%emt 0:00:10]} 39. Kg1 {[%emt 0:00:17]} c4 {[%emt 0:00:02]} 40. Nc1 {[%emt 0:00:04]} Rb5 {[%emt 0:00:09]} 41. Rf2+ {[%emt 0:00:12]} Kg6 {[%emt 0:00:07]} 42. Ra7 {[%emt 0:00:15]} Rf6 {[%emt 0:00:03]} 43. Rxf6+ {[%emt 0:00:10]} Kxf6 {[%emt 0:00:01]} 44. Kf2 {[%emt 0:00:05]} Rxb2+ {[%emt 0:00:08]} 45. Kf3 {[%emt 0:00:04]} Rxh2 {[%emt 0:00:20]} 0-1

[Event "Excelsior February Rapid"]
[Site "Toronto CAN"]
[Date "2024.02.17"]
[Round "6"]
[White "Preotu, Razvan"]
[Black "Brajkovic, Nikola"]
[Result "1-0"]
[WhiteElo "2541"]
[BlackElo "1941"]
[WhiteFideId "-1"]
[WhiteFideId "-1"]
[PlyCount "31"]
[GameId "2160767740297112"]
[EventDate "2024.02.17"]
[EventType "swiss (rapid)"]
[EventRounds "6"]
[EventCountry "CAN"]
[TimeControl "10+10"]

1. e4 {[%emt 0:00:00]} e5 {[%emt 0:00:00]} 2. Nf3 {[%emt 0:00:00]} Nc6 {[%emt 0:00:00]} 3. Bc4 {[%emt 0:00:00]} Bc5 {[%emt 0:00:00]} 4. c3 {[%emt 0:00:00]} d6 {[%emt 0:00:00]} 5. d4 {[%emt 0:00:00]} exd4 {[%emt 0:00:00]} 6. cxd4 {[%emt 0:00:00]} Bb4+ {[%emt 0:00:00]} 7. Nc3 {[%emt 0:00:00]} Qe7 {[%emt 0:00:00]} 8. O-O {[%emt 0:00:00]} Bxc3 {[%emt 0:00:00]} 9. bxc3 {[%emt 0:00:00]} Bg4 {[%emt 0:00:00]} 10. h3 {[%emt 0:00:00]} Bh5 {[%emt 0:00:00]} 11. Qb3 {[%emt 0:00:00]} Nd8 {[%emt 0:00:00]} 12. Qb5+ {[%emt 0:00:00]} Kf8 {[%emt 0:00:00]} 13. Qxh5 {[%emt 0:00:00]} Qxe4 {[%emt 0:00:00]} 14. Re1 {[%emt 0:00:00]} Qc2 {[%emt 0:00:00]} 15. Bg5 {[%emt 0:00:00]} Qa4 {[%emt 0:00:00]} 16. Bb5 {[%emt 0:00:00]} 1-0

[Event "Excelsior 1 Year Anniversary op"]
[Site "Toronto CAN"]
[Date "2024.01.26"]
[Round "1.2"]
[White "Preotu, Razvan"]
[Black "Loadman, Ian"]
[Result "1/2-1/2"]
[WhiteElo "2534"]
[BlackElo "2054"]
[WhiteFideId "-1"]
[WhiteFideId "-1"]
[PlyCount "106"]
[GameId "2160767906081571"]
[EventDate "2024.01.26"]
[EventType "swiss"]
[EventRounds "5"]
[EventCountry "CAN"]

1. e4 e5 2. Nf3 Nc6 3. Bc4 Nf6 4. d3 Bc5 5. c3 d6 6. O-O a5 7. Re1 Ba7 8. Nbd2 O-O 9. Nf1 Be6 10. Bb5 Ne7 11. Ng3 Ng6 12. h3 c6 13. Ba4 d5 14. exd5 Nxd5 15. d4 exd4 16. Nxd4 Qc7 17. Nf1 Rae8 18. Bb3 Bxd4 19. Qxd4 b5 20. Qc5 Ndf4 21. Bxf4 Nxf4 22. Rad1 a4 23. Bxe6 Rxe6 24. Rxe6 Nxe6 25. Qd6 Qb6 26. Qe7 Qc5 27. Qxc5 Nxc5 28. Ne3 Rc8 29. Nc2 Kf8 30. f3 Ke7 31. Nb4 Nd7 32. Kf2 Nb6 33. b3 c5 34. Nd5+ Nxd5 35. Rxd5 axb3 36. axb3 Ke6 37. c4 b4 38. Ke3 Ra8 39. Rxc5 Ra3 40. Kd4 Rxb3 41. Re5+ Kd7 42. Kc5 f6 43. Re2 Rb1 44. Kb6 b3 45. c5 Rc1 46. Rb2 Rc3 47. Kb5 Kc7 48. Kb4 Rc2 49. Rxb3 Kc6 50. Ra3 Rb2+ 51. Kc4 Rc2+ 52. Kd4 Rd2+ 53. Kc4 Rc2+ 1/2-1/2

[Event "Excelsior 1 Year Anniversary op"]
[Site "Toronto CAN"]
[Date "2024.01.27"]
[Round "2.5"]
[White "Singh Dhaliwal, Jaipreet"]
[Black "Preotu, Razvan"]
[Result "0-1"]
[WhiteElo "2104"]
[BlackElo "2534"]
[WhiteFideId "-1"]
[WhiteFideId "-1"]
[PlyCount "130"]
[GameId "2160767906081581"]
[EventDate "2024.01.26"]
[EventType "swiss"]
[EventRounds "5"]
[EventCountry "CAN"]

1. e4 d5 2. exd5 Qxd5 3. Nc3 Qd6 4. d4 Nf6 5. Nf3 c6 6. Ne5 Nbd7 7. Nc4 Qc7 8. g3 Nb6 9. Bf4 Qd8 10. Ne3 Nbd5 11. Nexd5 Nxd5 12. Bd2 Bf5 13. Rc1 Nxc3 14. Bxc3 Qd5 15. Rg1 Qxa2 16. b3 Qa3 17. Ra1 Qd6 18. Ra5 Qg6 19. Kd2 e6 20. f4 Bd6 21. Kc1 Bxf4+ 22. Kb2 Bc7 23. Ra4 O-O 24. Be2 Rfd8 25. h4 b5 26. Ra6 Bb6 27. g4 Be4 28. h5 Qg5 29. Rg3 b4 30. Bxb4 Bxd4+ 31. Kb1 Bc3 32. Qxd8+ Rxd8 33. Rxc3 Rd2 34. Rxa7 h6 35. Bf3 Bxf3 36. Rxf3 Rd1+ 37. Ka2 Qc1 38. Bc3 Qxc2+ 39. Ka3 Rd3 40. Ra8+ Kh7 41. Rxd3 Qxd3 42. Bb2 c5 43. Ra4 f6 44. Rc4 e5 45. Rxc5 e4 46. Bc3 e3 47. Kb2 Qe2+ 48. Ka3 Qc2 49. Kb4 e2 50. Rc4 Qxc3+ 51. Kxc3 e1=Q+ 52. Kc2 f5 53. gxf5 Qf2+ 54. Kc3 Qxf5 55. b4 Qxh5 56. Rc5 Qf3+ 57. Kc4 Qe4+ 58. Kc3 g5 59. b5 g4 60. b6 g3 61. Rc7+ Kg6 62. Rc8 g2 63. Rg8+ Kf7 64. b7 Qe5+ 65. Kd2 Kxg8 0-1

[Event "Excelsior 1 Year Anniversary op"]
[Site "Toronto CAN"]
[Date "2024.01.27"]
[Round "3.2"]
[White "Preotu, Razvan"]
[Black "Filipovich, David"]
[Result "1-0"]
[WhiteElo "2534"]
[BlackElo "2124"]
[WhiteFideId "-1"]
[WhiteFideId "-1"]
[PlyCount "122"]
[GameId "2160767906081586"]
[EventDate "2024.01.26"]
[EventType "swiss"]
[EventRounds "5"]
[EventCountry "CAN"]

1. e4 g6 2. d4 Bg7 3. Nc3 c6 4. Be3 d5 5. e5 f6 6. f4 Nh6 7. Qd2 Ng4 8. O-O-O O-O 9. Kb1 b5 10. Nf3 Nxe3 11. Qxe3 a5 12. h4 Bg4 13. Be2 h5 14. Nh2 Bxe2 15. Nxe2 f5 16. e6 Qd6 17. Nc1 Na6 18. Nd3 Rac8 19. Rhe1 c5 20. Ne5 Bxe5 21. Qxe5 Qxe5 22. Rxe5 Rfd8 23. dxc5 Rxc5 24. Nf3 Rd6 25. Nd4 b4 26. g4 hxg4 27. h5 Nb8 28. hxg6 Nc6 29. Nxf5 Nxe5 30. Nxd6 Nxg6 31. Nf5 Nxf4 32. Nxe7+ Kf8 33. Nf5 Nxe6 34. Ne3 d4 35. Nxg4 Ke7 36. Nf2 Kd7 37. Nd3 Rf5 38. b3 Kc6 39. Nb2 Rd5 40. Nc4 Kb5 41. Rh1 d3 42. cxd3 Rxd3 43. Rh5+ Nc5 44. Nb2 Rg3 45. Na4 Rg1+ 46. Kc2 Rg2+ 47. Kd1 Rxa2 48. Rxc5+ Ka6 49. Rc6+ Kb7 50. Rb6+ Ka7 51. Rh6 Rg2 52. Nc5 Rg5 53. Ra6+ Kb8 54. Rxa5 Rg1+ 55. Kd2 Kc7 56. Nd3 Rg2+ 57. Ke3 Rg3+ 58. Ke4 Rg4+ 59. Kf3 Rd4 60. Ke3 Rh4 61. Rb5 Rh3+ 1-0

[Event "Excelsior 1 Year Anniversary op"]
[Site "Toronto CAN"]
[Date "2024.01.28"]
[Round "4.1"]
[White "Sambuev, Bator"]
[Black "Preotu, Razvan"]
[Result "0-1"]
[WhiteElo "2584"]
[BlackElo "2534"]
[WhiteFideId "-1"]
[WhiteFideId "-1"]
[PlyCount "110"]
[GameId "2160767906081593"]
[EventDate "2024.01.26"]
[EventType "swiss"]
[EventRounds "5"]
[EventCountry "CAN"]

1. d4 d5 2. c4 c6 3. Nf3 Nf6 4. e3 Bf5 5. Nc3 e6 6. Nh4 Be4 7. f3 Bg6 8. Qb3 Qc7 9. g3 Be7 10. cxd5 cxd5 11. Bd2 Nc6 12. Rc1 O-O 13. Nxg6 hxg6 14. Kf2 Rac8 15. Be2 Na5 16. Qa4 Nc4 17. Nxd5 exd5 18. b3 Nxd2 19. Rxc7 Rxc7 20. Rd1 Nde4+ 21. fxe4 Nxe4+ 22. Kf3 Nc3 23. Qxa7 Nxd1 24. Bxd1 Re8 25. Qa5 Rc1 26. Qd2 Rc6 27. Kg4 Rf6 28. Kh3 g5 29. Kg2 g6 30. Bf3 Rd8 31. b4 Ra6 32. Bd1 Rb6 33. a3 Kg7 34. Bb3 g4 35. e4 dxe4 36. Qf4 Rf6 37. Qxe4 Bf8 38. Bc4 Ra8 39. Qxg4 Rxa3 40. b5 Rc3 41. Qe2 Bd6 42. Bd5 Rc7 43. Bf3 Re6 44. Qd2 Be7 45. h4 Bf6 46. h5 gxh5 47. d5 Re5 48. b6 Rd7 49. Qc1 Rg5 50. Qc7 Re7 51. d6 Re3 52. d7 Rd3 53. Be4 Rd2+ 54. Kf3 Bd4 55. g4 Rxg4 0-1

[Event "Excelsior 1 Year Anniversary op"]
[Site "Toronto CAN"]
[Date "2024.01.28"]
[Round "5.1"]
[White "Preotu, Razvan"]
[Black "Findlay, Ian"]
[Result "1-0"]
[WhiteElo "2534"]
[BlackElo "2249"]
[WhiteFideId "-1"]
[WhiteFideId "-1"]
[PlyCount "61"]
[GameId "2160767906081601"]
[EventDate "2024.01.26"]
[EventType "swiss"]
[EventRounds "5"]
[EventCountry "CAN"]

1. Nf3 Nf6 2. g3 d5 3. Bg2 c5 4. O-O Nc6 5. d4 Qb6 6. dxc5 Qxc5 7. Be3 Qa5 8. c4 e6 9. Nc3 Bb4 10. cxd5 exd5 11. Rc1 O-O 12. Nd4 Be6 13. a3 Be7 14. Nxe6 fxe6 15. Bh3 Kf7 16. b4 Qd8 17. Nb5 a5 18. Rxc6 bxc6 19. Nd4 axb4 20. Bxe6+ Ke8 21. Nf5 Qa5 22. Qa4 Qa6 23. Bb6 Rf7 24. Qxc6+ Kf8 25. Bxf7 Kxf7 26. Nxe7 Kxe7 27. axb4 Kf7 28. b5 Qa2 29. Bd4 Re8 30. Ra1 Qxe2 31. Bxf6 1-0

[Event "Excelsior November op"]
[Site "Toronto CAN"]
[Date "2023.11.18"]
[Round "2.2"]
[White "Preotu, Razvan"]
[Black "Singh Dhaliwal, Jaipreet"]
[Result "1-0"]
[WhiteElo "2535"]
[BlackElo "2148"]
[WhiteFideId "-1"]
[WhiteFideId "-1"]
[PlyCount "75"]
[GameId "2160767906128121"]
[EventDate "2023.11.17"]
[EventType "swiss"]
[EventRounds "5"]
[EventCountry "CAN"]

1. d4 Nf6 2. c4 c5 3. d5 a6 4. Nc3 b5 5. Qc2 d6 6. e4 bxc4 7. Nf3 Nbd7 8. Bxc4 g6 9. O-O Bg7 10. Re1 O-O 11. h3 Rb8 12. Bf4 Ne8 13. Qd2 Ne5 14. Nxe5 dxe5 15. Be3 Nd6 16. b3 Qa5 17. Rac1 Bd7 18. Nb1 Qb6 19. Bd3 Rbc8 20. Na3 f5 21. Bg5 Rf7 22. Nc4 Nxc4 23. Bxc4 Qd6 24. Qa5 h6 25. Bd2 Rf6 26. b4 Kh7 27. Bb3 c4 28. Rxc4 f4 29. Rxc8 Bxc8 30. Rc1 Rf8 31. Rc6 Qd7 32. Qc5 Bf6 33. Rc7 Qe8 34. d6 Bd7 35. dxe7 Bxe7 36. Qa7 f3 37. Rxd7 Qc8 38. Rxe7+ 1-0

[Event "Excelsior November op"]
[Site "Toronto CAN"]
[Date "2023.11.18"]
[Round "3.1"]
[White "Sambuev, Bator"]
[Black "Preotu, Razvan"]
[Result "1/2-1/2"]
[WhiteElo "2576"]
[BlackElo "2535"]
[WhiteFideId "-1"]
[WhiteFideId "-1"]
[PlyCount "37"]
[GameId "2160767906128127"]
[EventDate "2023.11.17"]
[EventType "swiss"]
[EventRounds "5"]
[EventCountry "CAN"]

1. e4 e6 2. d4 d5 3. Nd2 c5 4. exd5 exd5 5. Bb5+ Nc6 6. Qe2+ Be7 7. Ngf3 Nf6 8. dxc5 O-O 9. O-O Bxc5 10. Nb3 Bb6 11. Be3 Re8 12. Bxc6 bxc6 13. Bxb6 axb6 14. Qd2 Bg4 15. Rfe1 Bxf3 16. Rxe8+ Nxe8 17. gxf3 Qf6 18. Qd4 Qf5 19. f4 1/2-1/2

[Event "Excelsior November op"]
[Site "Toronto CAN"]
[Date "2023.11.19"]
[Round "4.1"]
[White "Preotu, Razvan"]
[Black "Campbell, Ryan"]
[Result "1-0"]
[WhiteElo "2535"]
[BlackElo "2235"]
[WhiteFideId "-1"]
[WhiteFideId "-1"]
[PlyCount "99"]
[GameId "2160767906128135"]
[EventDate "2023.11.17"]
[EventType "swiss"]
[EventRounds "5"]
[EventCountry "CAN"]

1. Nf3 d5 2. e3 Nf6 3. c4 e6 4. Nc3 Be7 5. b3 b6 6. cxd5 Nxd5 7. Nxd5 Qxd5 8. Bb2 O-O 9. Qc2 Ba6 10. Qxc7 Bxf1 11. Qxe7 Bd3 12. Qg5 Qxg5 13. Nxg5 Na6 14. f3 Nb4 15. Kf2 Ba6 16. Bc3 Nd3+ 17. Kg3 Rfd8 18. h4 b5 19. b4 Bb7 20. Ne4 Bxe4 21. fxe4 a5 22. a3 a4 23. e5 Rac8 24. Kf3 Rc4 25. e4 h5 26. Ke3 Rc7 27. Rhg1 Kh7 28. Rad1 Rcd7 29. g4 hxg4 30. Rxg4 Kh6 31. h5 Rg8 32. Rdg1 Kh7 33. R4g3 Kh8 34. Rf3 Rgd8 35. Rgf1 Kg8 36. h6 g6 37. h7+ Kg7 38. Rh1 Kh8 39. Rhf1 Kg7 40. Ke2 Nb2 41. h8=Q+ Kxh8 42. Rxf7 Nc4 43. Rxd7 Rxd7 44. Rf6 Re7 45. d4 Nxa3 46. d5 Kg7 47. d6 Rd7 48. Rxe6 Nc4 49. Rf6 Rd8 50. e6 1-0

[Event "Excelsior November op"]
[Site "Toronto CAN"]
[Date "2023.11.19"]
[Round "5.2"]
[White "Malakar, Saarthak"]
[Black "Preotu, Razvan"]
[Result "1/2-1/2"]
[WhiteElo "2083"]
[BlackElo "2535"]
[WhiteFideId "-1"]
[WhiteFideId "-1"]
[PlyCount "80"]
[GameId "2160767906128144"]
[EventDate "2023.11.17"]
[EventType "swiss"]
[EventRounds "5"]
[EventCountry "CAN"]

1. d4 d5 2. Nf3 Nf6 3. g3 c5 4. c4 dxc4 5. Bg2 Nc6 6. Ne5 Nxe5 7. dxe5 Qxd1+ 8. Kxd1 Ng4 9. Ke1 Nxe5 10. Na3 e6 11. f4 Nd7 12. Nxc4 Nb6 13. Ne3 Rb8 14. Kf2 Bd7 15. Rd1 Be7 16. b3 Bf6 17. Rb1 Nc8 18. Nc4 b6 19. Bb2 Ke7 20. Be5 Bxe5 21. Nxe5 Be8 22. Bc6 Nd6 23. Bxe8 Rbxe8 24. Rxd6 Kxd6 25. Nxf7+ Ke7 26. Nxh8 Rxh8 27. e3 Rd8 28. Ke2 Kf6 29. Rb2 h5 30. h3 e5 31. Rb1 Ke6 32. Rf1 b5 33. Rc1 Rc8 34. Kf3 c4 35. bxc4 bxc4 36. Ke4 c3 37. Kd3 Rd8+ 38. Ke4 Rc8 39. Kd3 Rd8+ 40. Kxc3 e4 1/2-1/2

[Event "Titled Tuesday 2023.11.07 Early"]
[Site "chess.com INT"]
[Date "2023.11.07"]
[Round "9"]
[White "Ticona Rocabado, Licael Roderick"]
[Black "Preotu, Razvan"]
[Result "1-0"]
[WhiteElo "2412"]
[BlackElo "2461"]
[WhiteFideId "-1"]
[WhiteFideId "-1"]
[PlyCount "103"]
[GameId "2130307551393613"]
[EventDate "2023.11.07"]
[EventType "swiss (blitz)"]
[EventRounds "11"]
[EventCountry "NET"]
[SourceTitle "The Week in Chess 1514"]
[Source "Mark Crowther"]
[SourceDate "2023.11.13"]
[SourceVersion "2"]
[SourceVersionDate "2023.11.14"]
[SourceQuality "2"]

1. Nf3 c5 2. g3 Nf6 3. Bg2 Nc6 4. O-O e5 5. d3 d5 6. e4 d4 7. Nh4 Bd6 8. Nd2 O-O 9. Nc4 Bc7 10. a4 Re8 11. Nf5 h6 12. f4 Bxf5 13. exf5 e4 14. dxe4 Nxe4 15. Ne5 Nxe5 16. Bxe4 Nc4 17. Bxb7 Rb8 18. Bc6 Ne3 19. Bxe3 Rxe3 20. b3 Ba5 21. Qg4 Qf6 22. Bb5 Rb7 23. Rad1 Rbe7 24. Bc4 Bc3 25. Rd3 Re1 26. Rdf3 a5 27. Rxe1 Rxe1+ 28. Rf1 Re3 29. Bd3 Qe7 30. Kg2 Qf6 31. Rf2 Re7 32. Re2 Kf8 33. Qf3 Rxe2+ 34. Qxe2 Qe7 35. Qf3 Qe8 36. Qd5 Kg8 37. Qxc5 f6 38. Bc4+ Kh7 39. Be6 Qa8+ 40. Qd5 Qxd5+ 41. Bxd5 g6 42. Be6 g5 43. Kf3 Kg7 44. Kg4 gxf4 45. Kxf4 Kf8 46. Ke4 Kg7 47. Kd5 h5 48. Kc5 Kh6 49. b4 axb4 50. Bb3 d3 51. cxd3 Kg5 52. a5 1-0

[Event "Excelsior October op"]
[Site "Toronto CAN"]
[Date "2023.10.27"]
[Round "1.3"]
[White "Zhong, Ryan Yunhui"]
[Black "Preotu, Razvan"]
[Result "0-1"]
[WhiteElo "2057"]
[BlackElo "2536"]
[WhiteFideId "-1"]
[WhiteFideId "-1"]
[PlyCount "76"]
[GameId "2160767906140946"]
[EventDate "2023.10.27"]
[EventType "swiss"]
[EventRounds "5"]
[EventCountry "CAN"]

1. e4 c5 2. Nf3 d6 3. Bb5+ Nd7 4. c3 Ngf6 5. Qe2 a6 6. Ba4 b5 7. Bc2 Bb7 8. O-O g6 9. d4 Bg7 10. Rd1 Qc8 11. Bf4 O-O 12. h3 Qc7 13. Bd3 e5 14. dxe5 dxe5 15. Bh2 Nh5 16. g3 f5 17. Nbd2 c4 18. Bc2 Nc5 19. b4 Nd3 20. Bxd3 cxd3 21. Qxd3 fxe4 22. Nxe4 Qc6 23. Re1 Rad8 24. Qe2 Qxe4 25. Qxe4 Bxe4 26. Nxe5 Bb7 27. Rac1 Rd2 28. Ng4 Nf6 29. Ne3 Ne4 30. f4 Nf2 31. Rc2 Nxh3+ 32. Kf1 Bg2+ 33. Nxg2 Rxc2 34. Re2 Rxe2 35. Kxe2 Bxc3 36. Ne3 Bxb4 37. Kf1 Ng5 38. Ke2 Ne4 0-1

[Event "Excelsior October op"]
[Site "Toronto CAN"]
[Date "2023.10.28"]
[Round "2.3"]
[White "Preotu, Razvan"]
[Black "Joseph, Jonath"]
[Result "1-0"]
[WhiteElo "2536"]
[BlackElo "2110"]
[WhiteFideId "-1"]
[WhiteFideId "-1"]
[PlyCount "85"]
[GameId "2160767906140956"]
[EventDate "2023.10.27"]
[EventType "swiss"]
[EventRounds "5"]
[EventCountry "CAN"]

1. Nf3 Nf6 2. c4 b6 3. g3 Bb7 4. Bg2 e6 5. O-O Be7 6. d4 O-O 7. Re1 d5 8. cxd5 Nxd5 9. e4 Nf6 10. Nc3 c5 11. d5 exd5 12. exd5 Na6 13. Ne5 Bd6 14. Nc6 Qd7 15. Bg5 Nb4 16. Bxf6 gxf6 17. Qh5 Bc8 18. a3 Nxc6 19. dxc6 Qf5 20. Qh6 Qg6 21. Qxg6+ hxg6 22. Rad1 Be5 23. c7 Bg4 24. Bxa8 Bxd1 25. Rxd1 Bxc7 26. Bf3 a6 27. Rd7 Be5 28. Bd5 b5 29. f4 Bd4+ 30. Kg2 b4 31. axb4 cxb4 32. Na4 a5 33. Bc4 Be3 34. Kf3 Bg1 35. h4 f5 36. b3 Kg7 37. Nb2 Kh8 38. Bxf7 Rc8 39. Nc4 a4 40. bxa4 b3 41. Rb7 Ra8 42. Ne5 b2 43. Be6 1-0

[Event "Excelsior October op"]
[Site "Toronto CAN"]
[Date "2023.10.28"]
[Round "3.1"]
[White "Preotu, Razvan"]
[Black "Sambuev, Bator"]
[Result "1/2-1/2"]
[WhiteElo "2536"]
[BlackElo "2586"]
[WhiteFideId "-1"]
[WhiteFideId "-1"]
[PlyCount "90"]
[GameId "2160767906140965"]
[EventDate "2023.10.27"]
[EventType "swiss"]
[EventRounds "5"]
[EventCountry "CAN"]

1. Nf3 d5 2. g3 Nf6 3. Bg2 e6 4. c4 dxc4 5. Qa4+ Bd7 6. Qxc4 c5 7. Ne5 Qc8 8. O-O Nc6 9. Nxd7 Qxd7 10. Qa4 Rc8 11. d3 Be7 12. Nd2 O-O 13. Nf3 Rfd8 14. Be3 Nd5 15. Bd2 Nd4 16. Qd1 Nxf3+ 17. Bxf3 Bf6 18. Qb3 b6 19. Rfc1 Ne7 20. Bc3 Nf5 21. Bxf6 gxf6 22. Bg2 Qd6 23. Rc4 Nd4 24. Qd1 b5 25. Rcc1 f5 26. b3 e5 27. e3 Ne6 28. Qh5 Ng7 29. Qe2 f4 30. Rd1 fxe3 31. fxe3 Qh6 32. Rf1 Qg6 33. Qf2 Rc7 34. Be4 f5 35. Bxf5 Nxf5 36. Qxf5 Qxf5 37. Rxf5 Rxd3 38. Rxe5 c4 39. bxc4 bxc4 40. Rf1 h6 41. Rff5 Rd1+ 42. Kg2 Rd2+ 43. Kh3 Rxa2 44. Rc5 Rxc5 45. Rxc5 Re2 1/2-1/2

[Event "Excelsior October op"]
[Site "Toronto CAN"]
[Date "2023.10.29"]
[Round "4.2"]
[White "Lin, Leo"]
[Black "Preotu, Razvan"]
[Result "1/2-1/2"]
[WhiteElo "2216"]
[BlackElo "2536"]
[WhiteFideId "-1"]
[WhiteFideId "-1"]
[PlyCount "119"]
[GameId "2160767906140977"]
[EventDate "2023.10.27"]
[EventType "swiss"]
[EventRounds "5"]
[EventCountry "CAN"]

1. e4 c5 2. Nc3 d6 3. d4 cxd4 4. Qxd4 Nc6 5. Qd2 g6 6. b3 Bh6 7. f4 f5 8. Bb2 Nf6 9. O-O-O Rf8 10. exf5 Bxf5 11. Nf3 Ne4 12. Nxe4 Bxe4 13. Ng5 Bxg5 14. fxg5 Qa5 15. Qxa5 Nxa5 16. Bb5+ Bc6 17. Bxc6+ Nxc6 18. Rhf1 Rc8 19. Kb1 Nd8 20. Rfe1 Kd7 21. Rd3 Rf2 22. c4 Rxg2 23. Rh3 Rxg5 24. Rxh7 Nc6 25. Bf6 Rh5 26. Rg7 Re8 27. h4 Rf5 28. Bb2 Rf4 29. Rh1 Rg4 30. Bf6 Re4 31. Bb2 Rg4 32. Bf6 Rf8 33. Bg5 Rf2 34. Re1 Rgg2 35. Bxe7 Ne5 36. Rd1 Rb2+ 37. Ka1 Rxa2+ 38. Kb1 Rab2+ 39. Ka1 Ra2+ 40. Kb1 Rgb2+ 41. Kc1 Rc2+ 42. Kb1 Rab2+ 43. Ka1 Ra2+ 44. Kb1 Rcb2+ 45. Kc1 Rxb3 46. Bxd6+ Ke6 47. Bxe5 Kxe5 48. Rxg6 Rh3 49. Rd5+ Ke4 50. Re6+ Kf4 51. Rf6+ Ke3 52. Re6+ Kf2 53. Rf6+ Kg2 54. Rg6+ Kh2 55. Rd2+ Rxd2 56. Kxd2 Rxh4 57. Kc3 Rh5 58. Rg7 b5 59. cxb5 Rxb5 60. Rxa7 1/2-1/2

[Event "Excelsior October op"]
[Site "Toronto CAN"]
[Date "2023.10.29"]
[Round "5.3"]
[White "Preotu, Razvan"]
[Black "Huh, Isaak"]
[Result "1-0"]
[WhiteElo "2536"]
[BlackElo "2219"]
[WhiteFideId "-1"]
[WhiteFideId "-1"]
[PlyCount "125"]
[GameId "2160767906140989"]
[EventDate "2023.10.27"]
[EventType "swiss"]
[EventRounds "5"]
[EventCountry "CAN"]

1. e4 c6 2. d4 d5 3. e5 c5 4. c3 Nc6 5. Nf3 Bg4 6. dxc5 e6 7. Be3 Nge7 8. Nbd2 Nf5 9. Bd4 Nfxd4 10. cxd4 Be7 11. h3 Bh5 12. g4 Bg6 13. Qb3 Rb8 14. Bd3 O-O 15. Bxg6 fxg6 16. Qc3 b5 17. Qe3 Qd7 18. O-O Rf7 19. Ne1 g5 20. Nd3 Rbf8 21. f3 Bd8 22. Nb3 a5 23. Nbc1 Ne7 24. Ne2 Ng6 25. Rf2 h6 26. Raf1 Nf4 27. Ndxf4 gxf4 28. Qd3 Bh4 29. Rg2 Qc6 30. Qg6 Rc7 31. Qh5 g5 32. Qg6+ Rg7 33. Qd3 Rb7 34. Rc1 Kg7 35. Rc2 Ra8 36. Nc1 Rbb8 37. b3 Rb7 38. a3 Rbb8 39. Qd1 Rb7 40. Nd3 Rbb8 41. Kf1 Rh8 42. Ke2 Kf7 43. Kd2 Kg7 44. Kc1 Rab8 45. Kb2 Ra8 46. Rg1 Rh7 47. Qd2 Rhh8 48. Rcc1 Rh7 49. Rh1 Rhh8 50. Rcg1 Kg6 51. Ne1 Kg7 52. Ng2 Bg3 53. h4 Kf7 54. Rh3 a4 55. b4 Kg7 56. Rgh1 Rag8 57. Qd3 Qe8 58. hxg5 hxg5 59. Rh7+ Rxh7 60. Qxh7+ Kf8 61. Rh6 Rg7 62. Qh8+ Ke7 63. Rxe6+ 1-0

[Event "Titled Tuesday 2023.10.10 Early"]
[Site "Chess.com INT"]
[Date "2023.10.10"]
[Round "9"]
[White "Tregubov, Pavel V"]
[Black "Preotu, Razvan"]
[Result "1-0"]
[WhiteElo "2567"]
[BlackElo "2464"]
[WhiteFideId "-1"]
[WhiteFideId "-1"]
[PlyCount "81"]
[GameId "1968845358546944"]
[EventDate "2023.10.10"]
[EventType "swiss (blitz)"]
[EventRounds "11"]
[EventCountry "NET"]
[SourceTitle "EXT 2025"]
[Source "ChessBase"]
[SourceDate "2024.10.14"]
[SourceVersion "1"]
[SourceVersionDate "2024.10.14"]
[SourceQuality "1"]

1. e4 c5 2. Nf3 d6 3. Bb5+ Nd7 4. Ba4 Ngf6 5. O-O e6 6. Re1 a6 7. c3 b5 8. Bc2 Bb7 9. d4 Be7 10. Nbd2 Qc7 11. e5 dxe5 12. dxe5 Nd5 13. Ne4 c4 14. a4 b4 15. Bg5 b3 16. Bb1 O-O 17. Qe2 Rfc8 18. Bxe7 Nxe7 19. Nd6 Bxf3 20. Qxf3 Nxe5 21. Bxh7+ Kf8 22. Rxe5 Qxd6 23. Rae1 Ke8 24. h4 Ra7 25. h5 Rc5 26. Rxc5 Qxc5 27. h6 gxh6 28. Qf6 Qg5 29. Qh8+ Kd7 30. Rd1+ Nd5 31. Be4 Ke7 32. Bxd5 Rd7 33. Bf3 Rxd1+ 34. Bxd1 Qc1 35. Qd4 Qxb2 36. Qxc4 Qd2 37. Qxb3 Qe1+ 38. Kh2 Qxf2 39. Qb4+ Ke8 40. Bf3 Kd8 41. Bc6 1-0

[Event "Titled Tuesday 2023.09.19 Early"]
[Site "Chess.com INT"]
[Date "2023.09.19"]
[Round "1"]
[White "Omariev, Maksim"]
[Black "Preotu, Razvan"]
[Result "0-1"]
[WhiteElo "2304"]
[BlackElo "2475"]
[WhiteFideId "-1"]
[WhiteFideId "-1"]
[PlyCount "50"]
[GameId "1961207440048128"]
[EventDate "2023.09.19"]
[EventType "swiss (blitz)"]
[EventRounds "11"]
[EventCountry "NET"]
[SourceTitle "EXT 2024"]
[Source "ChessBase"]
[SourceDate "2023.10.10"]
[SourceVersion "1"]
[SourceVersionDate "2023.10.10"]
[SourceQuality "1"]

1. g4 e5 2. Bg2 d5 3. h3 Nc6 4. c3 Be6 5. d4 h5 6. g5 Nge7 7. h4 Ng6 8. Be3 Bd6 9. Nd2 Qe7 10. Qb3 O-O-O 11. dxe5 Ngxe5 12. Qa4 Ng4 13. Bxa7 Nxa7 14. Qxa7 c6 15. Nb3 d4 16. Nxd4 Bc5 17. Qa4 Bd5 18. Ngf3 Rhe8 19. O-O-O Nxf2 20. Qa8+ Kc7 21. Qa5+ Kb8 22. Nb3 Be3+ 23. Kb1 Nxh1 24. Bxh1 Be4+ 25. Ka1 Rxd1+ 0-1